|
|
|
|
| LEADER |
00000naa2a2200000 4500 |
| 001 |
630964 |
| 005 |
20240218142511.0 |
| 035 |
|
|
|a (RuTPU)RU\TPU\conf\32580
|
| 035 |
|
|
|a RU\TPU\conf\32573
|
| 090 |
|
|
|a 630964
|
| 100 |
|
|
|a 20200318d2019 k y0rusy50 ba
|
| 101 |
0 |
|
|a eng
|
| 102 |
|
|
|a RU
|
| 105 |
|
|
|a y z 100zy
|
| 135 |
|
|
|a drgn ---uucaa
|
| 181 |
|
0 |
|a i
|
| 182 |
|
0 |
|a b
|
| 200 |
1 |
|
|a Measurement of 1-GeV Electrons Ionization loss Spectra in a CdTe Crystal with a Thickness of 1 mm
|f A. V. Shchagin, A. S. Kubankin, R. M. Nazhmudinov [et al.]
|
| 203 |
|
|
|a Текст
|c электронный
|
| 225 |
1 |
|
|a Applications of Monochromatic X-ray, [gamma]-ray
|
| 300 |
|
|
|a Title screen
|
| 320 |
|
|
|a [References: p. 110 (2 tit.)]
|
| 463 |
|
1 |
|0 (RuTPU)RU\TPU\conf\32527
|t Radiation from Relativistic Electrons in Periodic Structures (RREPS-19)
|o book of abstracts XIII International Symposium, September 15-20, 2019, Belgorod, Russian Federation
|f National Research Tomsk Polytechnic University (TPU) ; Belgorod State University ; National Research Nuclear University "MEPhI"
|v [P. 110]
|d 2019
|
| 610 |
1 |
|
|a электронный ресурс
|
| 610 |
1 |
|
|a труды учёных ТПУ
|
| 610 |
1 |
|
|a спектры
|
| 610 |
1 |
|
|a ионизационные потери
|
| 610 |
1 |
|
|a электроны
|
| 610 |
1 |
|
|a детекторы
|
| 610 |
1 |
|
|a ионизация
|
| 610 |
1 |
|
|a кремниевые кристаллы
|
| 610 |
1 |
|
|a спектры
|
| 701 |
|
1 |
|a Shchagin
|b A. V.
|
| 701 |
|
1 |
|a Kubankin
|b A. S.
|
| 701 |
|
1 |
|a Nazhmudinov
|b R. M.
|
| 701 |
|
1 |
|a Trofymenko
|b S. V.
|
| 701 |
|
1 |
|a Potylitsyn
|b A. P.
|c Russian physicist
|c Professor of the TPU
|f 1945-
|g Alexander Petrovich
|3 (RuTPU)RU\TPU\pers\26306
|9 12068
|
| 701 |
|
1 |
|a Gogolev
|b A. S.
|c physicist
|c associate professor of Tomsk Polytechnic University, Candidate of physical and mathematical sciences
|f 1983-
|g Aleksey Sergeevich
|3 (RuTPU)RU\TPU\pers\31537
|9 15698
|
| 701 |
|
1 |
|a Filatov
|b N. A.
|c Specialist in the field of automatic control
|c Engineer of Tomsk Polytechnic University
|f 1983-
|g Nikolay Alexandrovich
|3 (RuTPU)RU\TPU\pers\40863
|
| 701 |
|
1 |
|a Kube
|b G.
|
| 701 |
|
1 |
|a Potylitsina-Kube
|b N. A.
|
| 701 |
|
1 |
|a Stanitzki
|b M.
|
| 701 |
|
1 |
|a Diener
|b R.
|
| 701 |
|
1 |
|a Novokshonov
|b A.
|
| 712 |
0 |
2 |
|a Национальный исследовательский Томский политехнический университет
|b Исследовательская школа физики высокоэнергетических процессов
|c (2017- )
|3 (RuTPU)RU\TPU\col\23551
|
| 712 |
0 |
2 |
|a Национальный исследовательский Томский политехнический университет
|b Физико-технический институт
|b Кафедра прикладной физики (№ 12)
|b Международная научно-образовательная лаборатория "Рентгеновская оптика"
|3 (RuTPU)RU\TPU\col\19530
|
| 801 |
|
1 |
|a RU
|b 63413507
|c 20101016
|
| 801 |
|
2 |
|a RU
|b 63413507
|c 20200320
|g RCR
|
| 856 |
4 |
|
|u http://earchive.tpu.ru/handle/11683/58020
|
| 942 |
|
|
|c BK
|